000 00703nam a2200181Ia 4500
008 090630s9999 xx 000 0 und d
082 _b12944
100 _aडॉ. गोडबोले / बर्वे सुनीला.
245 _aप्रेरणा.
_cडॉ. गोडबोले / बर्वे सुनीला.
260 _bमधुराज - पुणे.
300 _a68
600 _aडॉ. गोडबोले / बर्वे सुनीला.
630 _aप्रेरणा.
655 _aबालवाङमय.
700 _aडॉ. गोडबोले / बर्वे सुनीला.
730 _aप्रेरणा.
942 _cBOOK
999 _c264800
_d264800